Útek pred exekútormi

Dlhová pasca jednotlivcov a jej riešenie.

Guardado en:
Detalles Bibliográficos
Autor principal: Pavelka, Ľuboš, 1962-
Formato: Capítulo de libro
Lenguaje:eslovaco
Materias:
Etiquetas: Agregar Etiqueta
Sin Etiquetas, Sea el primero en etiquetar este registro!

MARC

LEADER 00000naa a2200000 4500
001 0239847
005 20240502073905.1
041 0 |a slo 
044 |a SK 
245 1 0 |a Útek pred exekútormi  |c Ľuboš Pavelka 
520 |a Dlhová pasca jednotlivcov a jej riešenie. 
610 2 0 |a exekúcia 
610 2 0 |a exekútori 
610 2 0 |a dlžníci 
610 2 0 |a príjmy obyvateľstva 
610 2 0 |a náklady životné 
100 1 |a Pavelka, Ľuboš, 1962-